000 00438nam a2200157 i 4500
001 79353
003 ES-MaACL
007 t|
008 041021s1974 sp ||||1| spa d
100 1 _aHermida, Jesús.
_962752
245 1 3 _aEl pueblo contra Richard Nixon /
_cJesús Hermida.
250 _a[1ª ed.].
260 _aBarcelona :
_bPlaneta,
_c[1974]
300 _a271 p., 3 lám. :
_bil. ;
_c25 cm.
852 _aES-MaACL
_jE-6255
_bR.90774
999 _c79353
_d79353